| 000 | 00672nam a22002177a 4500 | ||
|---|---|---|---|
| 999 |
_c14713 _d14713 |
||
| 003 | AR-CdUCM | ||
| 008 | 190424b ||||| |||| 00| 0 spa d | ||
| 020 | _a84-7864-797-X | ||
| 040 |
_aMUNICIPALIDAD PROVINCIAL DEL CUSCO _cBIBLIOTECA MUNICIPAL DEL CUSCO |
||
| 082 |
_aPI / 808.8 / _bG34 |
||
| 100 |
_aGeis, Patricia _933517 |
||
| 245 | _aPaca lamar / | ||
| 260 |
_aBarcelona : _bCombel, _c2003. |
||
| 300 |
_a24 paginas ; _bIlustraciones, _c21 cm. |
||
| 440 |
_aMi ciudad _933582 |
||
| 650 |
_aCuentos acerca de peces _933583 |
||
| 650 |
_aCuentos para ellas y ellos _933584 |
||
| 650 |
_aCuentos infantiles _93927 |
||
| 942 |
_2ddc _cLIBROS |
||
| 945 |
_awnts _d2019-04-24 |
||